000
00312nam a22001337a 4500
082
_a
894.812.3
_b
KUD/T
100
_a
KIDAVECHOOR, THOMAS
245
_a
THEAN PILE MADHURAM
250
_a
2
260
_a
KOTTAYAM
_b
AVANTY PUBLICATIONS
_c
2005
300
_a
64
650
_a
MALAYALAM SHORT STORY
_z
KERALA
942
_c
BK
999
_c
1319
_d
1319